000 01527nam a2200397 a 4500
001 vtls000119493
003 NLI
005 20210601204506.0
008 101125s1988 sz a 000 0 eng
020 _a9241542365 (pbk):
_cSw. fr. 8.00
039 9 _a201702021351
_bPravinbp
_y201011251312
_zVLOAD
040 _aNLI
_beng
_cVTLS
_eAACR2
041 0 _aeng
044 _asz
082 0 4 _a641.18
110 2 _aWorld Health Organization (Geneva)
245 1 0 _aVitamin A supplements :
_ba guide to their use in the treatment and prevention of vitamin A deficiency and xerophthalmia /
_cprepared by a WHO/UNICEF/IVACG Task Force
260 _aGeneva :
_bWorld Health Organization,
_c1988
300 _a24 p. :
_bill. ;
_c25 cm.
504 _aIncludes bibliographical references
650 0 _aVitamin A deficiency
_914861
650 0 _aVitamin A
650 0 _aXerophthalmia
_9244885
650 0 _aVitamin A
_xtherapeutic use
_9244886
650 0 _aVitamin A Deficiency
_xdrug therapy
_9244887
650 0 _aVitamin A Deficiency
_xprevention & control
_9244888
710 2 _aUnited Nations Children's Fund (UNICEF)
710 2 _aInternational Vitamin A Consultative Group
_9244339
887 _a
901 _aFOD23783
_b09.01.1989
902 _aUN641.18 W927
906 _aFOD988
_z1
949 _AVIRTUAITEM
_D10002
_X100
_6FOD000023783ENG
942 _2ddc
_cBKS
999 _aVIRTUA00
_c123767
_d123767
999 _aVTLSSORT0080*0200*0400*0410*0440*0820*1100*2450*2600*3000*5040*6500*6501*6502*6503*6504*6505*7100*7101*9010*9020*9060*9490*9992